| 000 | 00630nam a2200217 a 4500 | ||
|---|---|---|---|
| 001 | 43722 | ||
| 003 | BD-RjUL | ||
| 005 | 20211209053737.0 | ||
| 008 | 830421s1951 nyu|| ||||||| 0 |eng| | ||
| 020 | _c: TK 75.00 | ||
| 035 | _a(BD-RjUL)43840 | ||
| 040 |
_aDLC _cCarP _dBD-RjUL _beng |
||
| 041 | _aeng | ||
| 082 |
_223 _bUNP 1952 _a336.54 |
||
| 110 | 2 |
_aUnited Nations. _bDepartment of Economic Affairs. _9117448 |
|
| 245 | 1 | 0 |
_aPublic finance surveys : _bIndia / |
| 260 |
_aNew York : _bDepartment of Economic Affairs, _c1951. |
||
| 300 |
_avi, 101 p. ; _c23 cm. |
||
| 650 | 0 |
_aFinance, Public _zIndia. _9117331 |
|
| 942 |
_2ddc _cBK |
||
| 999 |
_c43722 _d43722 |
||